PROGRAMMING WITH JAVA (Record no. 30439)
[ view plain ]
| 000 -LEADER | |
|---|---|
| fixed length control field | 00314nam a2200145Ia 4500 |
| 008 - FIXED-LENGTH DATA ELEMENTS--GENERAL INFORMATION | |
| fixed length control field | 200615s9999||||xx |||||||||||||| ||und|| |
| 020 ## - INTERNATIONAL STANDARD BOOK NUMBER | |
| International Standard Book Number | 9789351343202 |
| 082 ## - DEWEY DECIMAL CLASSIFICATION NUMBER | |
| Classification number | 4 |
| Item number | BAL-P |
| 100 ## - MAIN ENTRY--PERSONAL NAME | |
| Personal name | BALAGURUSAWAMY,E |
| 245 #0 - TITLE STATEMENT | |
| Title | PROGRAMMING WITH JAVA |
| 250 ## - EDITION STATEMENT | |
| Edition statement | 5TH |
| 260 ## - PUBLICATION, DISTRIBUTION, ETC. | |
| Date of publication, distribution, etc. | 2017 |
| 300 ## - PHYSICAL DESCRIPTION | |
| Extent | 634 |
| 942 ## - ADDED ENTRY ELEMENTS (KOHA) | |
| Koha item type | Book |
| Withdrawn status | Lost status | Damaged status | Not for loan | Collection code | Permanent Location | Current Location | Shelving location | Date acquired | Cost, normal purchase price | Total Checkouts | Total Renewals | Full call number | Barcode | Date last seen | Date last checked out | Price effective from | Koha item type |
|---|---|---|---|---|---|---|---|---|---|---|---|---|---|---|---|---|---|
| School of Computer Science | Maharishi School of Engineering & Technology (Lucknow) | Maharishi School of Engineering & Technology (Lucknow) | R8S2 | 2020-06-15 | 485.00 | 10 | 4 | 005 | SOC5193 | 2026-04-16 | 2026-04-04 | 2020-06-15 | Book |